Buen provecho... (Registro nro. 3240)

Detalles MARC
000 -CABECERA
Longitud fija campo de control 00990nam a2200277Ia 4500
005 - • FECHA Y HORA DE LA ÚLTIMA TRANSACCIÓN
Fecha y hora de la última transacción 20220317000142.0
008 - • CÓDIGOS DE INFORMACIÓN DE LONGITUD FIJA
Códigos de información de longitud fija 141031s2009 mx a gs 000 0 spa d
020 ## - • NÚMERO INTERNACIONAL NORMALIZADO PARA LIBROS
Número Internacional Normalizado para Libros (ISBN) 9684941773
040 ## - FUENTE DE LA CATALOGACIÓN
Centro catalogador de origen CO-BoRNBP
Lengua de catalogación spa
Centro transcriptor CO-BoRNBP
Normas de descripción rda
084 ## - • Clasificación Local Alfanúmerica PNLB
Número de clasificación A NUÑ2
100 1# - • PUNTO DE ACCESO PRINCIPAL-NOMBRE DE PERSONA
Nombre de persona Núñez, Alonso,
Fechas asociadas al nombre 1969-
Término indicativo de función autor
245 10 - • TITULO PROPIAMENTE DICHO
Título Buen provecho...
Resto del título animales al acecho!
Mención de responsabilidad, etc. Alonso Núñez ; ilustrado por Juan Gedovius
250 ## - • MENCIÓN DE EDICIÓN
Mención de edición Primera edición
264 #1 - PRODUCCIÓN, PUBLICACIÓN , DISTRIBUCIÓN, FABRICACIÓN Y COPYRIGHT
Lugar de producción, publicación, distribución, fabricación México
Nombre del productor, editor, distribuidor, fabricante Cidcli
Fecha de de producción, publicación, distribución, fabricación o copyright 2009
300 ## - • DESCRIPCIÓN FÍSICA
Extensión 14 páginas
Otras características físicas ilustraciones a color
Dimensiones 23 cm
336 ## - TIPO DE CONTENIDO
Término de tipo de contenido texto
Código de tipo de contenido txt
Fuente rdacontent
337 ## - TIPO DE MEDIO
Nombre del tipo de medio sin mediación
Código del tipo de medio n
Fuente rdamedia
338 ## - TIPO DE SOPORTE
Nombre del tipo de soporte volumen
Código del tipo de soporte nc
Fuente rdacarrier
650 14 - • PUNTO DE ACCESO ADICIONAL DE MATERIA - TÉRMINO DE MATERIA
Término de materia o nombre geográfico como elemento inicial Álbumes infantiles mexicanos
Subdivisión cronológica Siglo XX
Fuente del encabezamiento o término LEMB
650 14 - • PUNTO DE ACCESO ADICIONAL DE MATERIA - TÉRMINO DE MATERIA
Término de materia o nombre geográfico como elemento inicial Literatura infantil mexicana
Subdivisión cronológica Siglo XX
Fuente del encabezamiento o término LEMB
650 14 - • PUNTO DE ACCESO ADICIONAL DE MATERIA - TÉRMINO DE MATERIA
Término de materia o nombre geográfico como elemento inicial Animales
Subdivisión de forma Álbumes infantiles
Fuente del encabezamiento o término LEMB
650 14 - • PUNTO DE ACCESO ADICIONAL DE MATERIA - TÉRMINO DE MATERIA
Término de materia o nombre geográfico como elemento inicial Libros ilustrados para niños
Fuente del encabezamiento o término LEMB
700 1# - • PUNTO DE ACCESO ADICIONAL - NOMBRE DE PERSONA
Nombre de persona Gedovius, Juan,
Término indicativo de función ilustrador
700 1# - • PUNTO DE ACCESO ADICIONAL - NOMBRE DE PERSONA
Nombre de persona Castellanos, Elisa,
Término indicativo de función editora
942 ## - ENTRADA DE ELEMENTOS AGREGADOS (KOHA)
Fuente de clasificaión o esquema
Koha [por defecto] tipo de item Libro Literatura

No hay ítems disponibles.










Instituto Departamental de Cultura del Meta - Red Departamental de Bibliotecas Públicas del Meta.